Úsvit civilizácie : predhistória - 900 pred n. l. /

Gespeichert in:
Bibliographische Detailangaben
1. Verfasser: Allan, Tony 1946- (VerfasserIn)
Weitere Verfasser: Krupa, Viktor (ÜbersetzerIn)
Format: Buch
Sprache:Slowakisch
Englisch
Veröffentlicht: Bratislava : Reader's Digest Výber Slovensko, 2009
Schriftenreihe:Ilustrované dejiny sveta
Schlagworte:
ISBN:9788080970253
Online-Zugang: Volltext
Tags: Tag hinzufügen
Keine Tags, Fügen Sie den ersten Tag hinzu!

MARC

LEADER 00000nam a2200000 4500
003 SK-BrCVT
005 20220621162740.0
008 100218s2009 xo e ||||||slo d
020 |a 9788080970253 
035 |a CVTIDW1519849 
040 |b slo  |a CVTI SR  |e AACR2 
041 1 |a slo  |h eng 
044 |a xo 
080 |a 94(100)  |2 UDC-MRF 
080 |a 7.031(100)  |2 UDC-MRF 
080 |a 903  |2 UDC-MRF 
100 1 |a Allan, Tony  |4 aut  |d 1946- 
245 1 0 |a Úsvit civilizácie :  |b predhistória - 900 pred n. l. /  |c Autori: Tony Allan ... [et al.] ; z anglického vydania preložil: Viktor Krupa 
260 |a Bratislava :  |b Reader's Digest Výber Slovensko,  |c 2009 
300 |a 192 s. :  |b fotogr., mapy ; 
490 1 |a Ilustrované dejiny sveta 
653 1 |a svetové dejiny  |a dejiny umenia 
700 1 |a Krupa, Viktor  |4 trl 
760 1 |t Ilustrované dejiny sveta 
910 |b A610012 
919 |a 978-80-8097-025-3 
974 |f Knihy 
992 |a APH 
999 |c 152215  |d 152215